Parcours Barca LDC 2024/2025 - Statistiques

Statistiques générales
  • Ce quiz a été pris 460 fois
  • Le résultat moyen est 9 sur 14
Statistiques - réponses
Journée Score Réponse % Correct
SF 2L (A) 4-3* Inter Milan
91%
SF 1L (H) 3-3 Inter Milan
89%
QF 1L (H) 4-0 Borussia Dortmund
78%
QF 2L (A) 3-1 Borussia Dortmund
77%
7 (A) 4-5 Benfica
76%
1 (A) 2-1 Monaco
75%
R16 1L (A) 0-1 Benfica
73%
R16 2L (H) 3-1 Benfica
73%
3 (H) 4-1 Bayern
70%
8 (H) 2-2 Atalanta
51%
6 (A) 2-3 Borussia Dortmund
48%
2 (H) 5-0 Young Boys
45%
5 (H) 3-0 Brest
44%
4 (A) 2-5 Etoile Rouge
39%
Aucun quiz correspondant
Distribution des résultats
% des personnes avec chaque résultat
Percentile par nombre de réponses
Votre historique - résultats
Vous n’avez pas pris ce quiz